000
00295nam a2200133Ia 4500
100
_a
Regtein PPL
942
_c
BK
654
_a
instrumentation
245
_a
Instrumentation Electronics
260
_b
Prentice Hall of India
_a
Bombay
_c
1987
300
_a
489
546
_a
ENGLISH
999
_c
30535
_d
30535